| 000 | 00627nam a2200193 i 4500 | ||
|---|---|---|---|
| 001 | 103052 | ||
| 003 | ES-MaACL | ||
| 005 | 20251111063348.0 | ||
| 007 | t| | ||
| 008 | 060109s1854 sp ||||1| spa d | ||
| 080 | _a159.942 | ||
| 100 | 0 |
_aBerriozabal, Juan Manuel de, _cMarqués de Casajara _928387 |
|
| 245 | 1 | 3 |
_aLa felicidad del pensamiento / _cpor Juan Manuel de Berriozabal, marqués de Casajara. |
| 260 |
_aMadrid : _b[s.n.], _c1854 ( _fImpr. Viuda de Palacios) |
||
| 300 |
_aV, 199 p. ; _c23 cm. |
||
| 650 | 1 | 7 |
_aFelicidad _2embne _912743 |
| 852 |
_aES-MaACL _jG-7531 _bR.136575 |
||
| 999 |
_c103052 _d103052 |
||